Justice internationale : (Record no. 5280)

MARC details
000 -LEADER
fixed length control field 02109cam a2200517Mi 4500
001 - CONTROL NUMBER
control field ocn964247632
003 - CONTROL NUMBER IDENTIFIER
control field OCoLC
005 - DATE AND TIME OF LATEST TRANSACTION
control field 20191218085949.0
008 - FIXED-LENGTH DATA ELEMENTS--GENERAL INFORMATION
fixed length control field 161124t20162016fr a f bq 000 0 fre d
020 ## - INTERNATIONAL STANDARD BOOK NUMBER
International Standard Book Number 9791090354845
Qualifying information (br)
024 30 - OTHER STANDARD IDENTIFIER
Standard number or code 9791090354845
029 0# - (OCLC)
OCLC library identifier ZWZ
System control number 196739721
035 ## - SYSTEM CONTROL NUMBER
System control number (OCoLC)964247632
040 ## - CATALOGING SOURCE
Original cataloging agency ZWZ
Language of cataloging fre
Description conventions ncafnor
Transcribing agency TZ-ArACH
041 1# - LANGUAGE CODE
Language code of text/sound track or separate title Fre
Language code of original and/or intermediate translations of text Eng
049 ## - LOCAL HOLDINGS (OCLC)
Holding library TZAA
050 #4 - LIBRARY OF CONGRESS CALL NUMBER
Classification number KZ7408
Item number .R68 2016
082 04 - DEWEY DECIMAL CLASSIFICATION NUMBER
Classification number 340
100 1# - MAIN ENTRY--PERSONAL NAME
Personal name Roux, François,
Dates associated with a name (1951- ...).
Relator code aut
245 10 - TITLE STATEMENT
Title Justice internationale :
Remainder of title la parole est à la défense = [International justice : the defence has the floor] /
Statement of responsibility, etc François Roux ; traduit du français par Marie-Pier Barbeau, Iain Edwards et Johann Soufi.
246 11 - VARYING FORM OF TITLE
Title proper/short title International justice :
Remainder of title the defence has the floor, anglais
250 ## - EDITION STATEMENT
Edition statement Édition bilingue français-anglais.
260 ## - PUBLICATION, DISTRIBUTION, ETC. (IMPRINT)
Place of publication, distribution, etc [Montpellier] :
Name of publisher, distributor, etc Indigène éditions,
Date of publication, distribution, etc DL 2016, cop. 2016.
300 ## - PHYSICAL DESCRIPTION
Extent 1 vol. (126 p.) :
Other physical details couv. ill. en coul. ;
Dimensions 21 cm.
490 1# - SERIES STATEMENT
Series statement Ceux qui marchent contre le vent
504 ## - BIBLIOGRAPHY, ETC. NOTE
Bibliography, etc Bibliogr. et filmogr. p. [125]-126. Notes bibliogr.
650 #7 - SUBJECT ADDED ENTRY--TOPICAL TERM
Topical term or geographic name as entry element Droit international pénal.
Source of heading or term ram
650 #7 - SUBJECT ADDED ENTRY--TOPICAL TERM
Topical term or geographic name as entry element Tribunaux criminels internationaux
General subdivision Récits personnels.
Source of heading or term ram
650 #7 - SUBJECT ADDED ENTRY--TOPICAL TERM
Topical term or geographic name as entry element Défense (procédure pénale)
General subdivision Récits personnels.
Source of heading or term ram
650 #0 - SUBJECT ADDED ENTRY--TOPICAL TERM
Topical term or geographic name as entry element Defense (Criminal procedure)
650 #6 - SUBJECT ADDED ENTRY--TOPICAL TERM
Topical term or geographic name as entry element Défense (Procédure pénale)
650 #0 - SUBJECT ADDED ENTRY--TOPICAL TERM
Topical term or geographic name as entry element Criminal procedure (International law)
650 #6 - SUBJECT ADDED ENTRY--TOPICAL TERM
Topical term or geographic name as entry element Procédure pénale (Droit international)
650 #0 - SUBJECT ADDED ENTRY--TOPICAL TERM
Topical term or geographic name as entry element Due process of law.
650 #6 - SUBJECT ADDED ENTRY--TOPICAL TERM
Topical term or geographic name as entry element Application réguliére de la loi.
650 #7 - SUBJECT ADDED ENTRY--TOPICAL TERM
Topical term or geographic name as entry element Criminal procedure (International law)
Source of heading or term fast
650 #7 - SUBJECT ADDED ENTRY--TOPICAL TERM
Topical term or geographic name as entry element Defense (Criminal procedure)
Source of heading or term fast
650 #7 - SUBJECT ADDED ENTRY--TOPICAL TERM
Topical term or geographic name as entry element Due process of law.
Source of heading or term fast
700 1# - ADDED ENTRY--PERSONAL NAME
Personal name Barbeau, Marie-Pier.
Relator code trl
700 1# - ADDED ENTRY--PERSONAL NAME
Personal name Edwards, Iain.
Relator code trl
700 1# - ADDED ENTRY--PERSONAL NAME
Personal name Soufi, Johann.
Relator code trl
830 #0 - SERIES ADDED ENTRY--UNIFORM TITLE
Uniform title Ceux qui marchent contre le vent.
856 42 - ELECTRONIC LOCATION AND ACCESS
Materials specified Bibliothèque Nationale de France catalog record and holdings
Uniform Resource Identifier <a href="http://catalogue.bnf.fr/ark:/12148/cb45205890q">http://catalogue.bnf.fr/ark:/12148/cb45205890q</a>
886 2# - FOREIGN MARC INFORMATION FIELD
2 unimarc
a 181
-- i#
b xxxe##
942 ## - ADDED ENTRY ELEMENTS (KOHA)
Source of classification or shelving scheme Library of Congress Classification
Koha item type Books
Holdings
Home library Current library Date acquired Full call number Barcode Koha item type
African Court on Human and Peoples' Rights Library African Court on Human and Peoples' Rights Library 18/12/2019 KZ7408 .R68 2016 1021044X Books

African Court on Human and Peoples' Rights | For Inquiries Contact » +255 272 510 510